000 00479nam a2200145 a 4500
008 120416s1982 ||||||||||||||||| || u
050 _aTK 5102.5 Con
100 _aConnor, Frank Robert
245 1 0 _aSignals
250 _a2nd ed.
260 _aLondon
_bEdward Arnold
_c1982
300 _aviii, 126p. : ill.
350 _a0.00
995 _D0.00
_FCBU-MAIN LIBRARY (Kitwe)
_H2
_I4.95
_ULOST
_ZMain Library Open Access Collection
999 _c57450
_d57450